000 00473cam a2200145 4500500
005 20251228082843.0
041 _afre
042 _adc
100 1 0 _aCorvol, Andrée
_eauthor
245 0 0 _aDroit de chasse et réserves à l'époque moderne
260 _c2005.
500 _a98
786 0 _nDix-septième siècle | 226 | 1 | 2005-03-01 | p. 3-16 | 0012-4273
856 4 1 _uhttps://shs.cairn.info/revue-dix-septieme-siecle-2005-1-page-3?lang=fr&redirect-ssocas=7080
999 _c1599959
_d1599959